00474 2200181 4500001002100000005001500021035002000036007000300056008004300059082000800102084001400110100001700124245006700141260003300208300002500241650001000266700001600276INLIS00000000003277320260602015939 a0010-0626000002ta260602 g 0 sunid  a419 a419 DAD k0 aDadang Zaeal1 aKamus Lengkap Sunda- Indonesia /cDadang Zaenal M, Iim Ibrahim aTangerang :bPamulang,c2003 a128 halaman ;c20 cm 4aKamus0 aIim Ibrahim